|
|
|
|
| LEADER |
01665nam a2200313 a 4500 |
| 001 |
GR-Patra16258 |
| 008 |
031002s gr e 000 0 gre d |
| 020 |
|
|
|a 9600321302
|
| 040 |
|
|
|a GrPaTEI
|b gre
|c GR-PaULI
|
| 040 |
|
|
|a GrPaTEI
|b gre
|c GR-PaULI
|
| 082 |
|
0 |
|a 372.21
|2 21
|
| 100 |
1 |
|
|a Κούγιαλη, Γιώτα
|
| 245 |
1 |
0 |
|a Ψυχοκινητικές δραστηριότητες για νήπια και προνήπια :
|b Μια δραστηριότητα για κάθε μέρα /
|c Γίωτα Κούγιαλη.
|
| 250 |
|
|
|a 2η έκδ.
|
| 260 |
|
|
|a Αθήνα :
|b Καστανιώτη,
|c 1999
|
| 300 |
|
|
|a 239σ.
|
| 490 |
1 |
|
|a Βασική βιβλιοθήκη του νηπιαγωγού / Βασίλης Αναγνωστόπουλος. 10
|
| 504 |
|
|
|a Βιβλιογραφία: σ.234-236
|
| 650 |
|
4 |
|a ΕΚΠΑΙΔΕΥΣΗ, ΠΡΟΣΧΟΛΙΚΗ
|
| 650 |
|
4 |
|a ΠΑΙΔΑΓΩΓΙΚΗ ΨΥΧΟΛΟΓΙΑ
|
| 650 |
|
4 |
|a Παιδιά
|x Ψυχολογία
|
| 653 |
|
|
|a ΠΑΙΔΙΑ - ΨΥΧΟΚΙΝΗΤΙΚΗ ΑΝΑΠΤΥΞΗ
|
| 710 |
0 |
|
|a Καστανιώτης
|
| 830 |
|
0 |
|1 00112128
|1 2001
|a Βασική βιβλιοθήκη του νηπιαγωγού
|
| 942 |
|
|
|2 ddc
|
| 952 |
|
|
|0 0
|1 0
|2 ddc
|4 0
|6 372_210000000000000_ΚΟΥ
|7 0
|9 295515
|a LISK
|b LISK
|c BSC
|d 2021-01-17
|e 24
|f 0
|g 0.00
|l 0
|o 372.21 ΚΟΥ
|p 92410015073
|r 2021-01-17 00:00:00
|t 1
|w 2021-01-17
|y BK15
|x 20031002 0 1
|x GrPaTEI
|
| 952 |
|
|
|0 0
|1 0
|2 ddc
|4 0
|6 372_210000000000000_ΚΟΥ
|7 0
|9 295516
|a LISK
|b LISK
|c BSC
|d 2021-01-17
|e 24
|f 0
|g 0.00
|l 0
|o 372.21 ΚΟΥ
|p 92410021468
|r 2021-01-17 00:00:00
|t 1
|w 2021-01-17
|y BK15
|x 20031020 0 1
|x GrPaTEI
|
| 971 |
|
|
|a .b2663773x
|b 16-04-20
|c 23-09-16
|
| 999 |
|
|
|c 172488
|d 172488
|